Estados Unidos-América Latina: recursos naturales y política exterior
Sparad:
| Materialtyp: | Text |
|---|---|
| Ämnen: | |
| Taggar: |
Lägg till en tagg
Inga taggar, Lägg till första taggen!
|
MARC
| LEADER | 00000 a a2200000 04500 | ||
|---|---|---|---|
| 001 | 17759 | ||
| 003 | |||
| 040 | |||
| 245 | |a Estados Unidos-América Latina: |b recursos naturales y política exterior | ||
| 650 | |a POLITICA EXTERIOR | ||
| 650 | |a RECURSOS NATURALES | ||
| 650 | |a ESTADOS UNIDOS | ||
| 773 | |g volumen 2, número 16; páginas 127-128 | ||
| 999 | |c 38700 |d 38700 | ||
| 773 | 0 | |0 42391 |9 3963 |a Agencia Latinoamericana de Información, ALAI |d Quito, Ecuador: ALAI |o 03863 |t ALAI: |x 08275564 (Servicio mensual de información y documentación) | |
